000 02446nam0a2200361 i 4500
001 RU\NLR\BIBL_A\011337378
005 20260409064938.0
010 _a9785990842939
_917
021 _aRU
_b2017-6904
_9501
035 _a(NLR Aleph) 011337378
090 _a11170066
_c11170066
100 _a20170302d2016 k y0rusy50 ca
101 0 _arus
102 _aRU
105 _aa j 000zy
200 1 _aОсновы технологии производства и ремонта транспортных и транспортно-технологических машин и оборудования (ТиТТМО)
_eкурс лекций (учебное пособие)
_f[кандидат медицинских наук, доцент Горностаев А.И., кандидат технических наук, профессор Ухалин А.С., доцент Авраменко В.И. и др.]
_gРязанское высшее воздушно-десантное командное училище им. генерала армии В.Ф. Маргелова, Факультет коммуникаций и автомобильного транспорта, Кафедра "Автомобили и автомобильное хозяйство"
210 _aРязань
_cКоняхин А.В.
_d2016
215 _a126 с.
_cил.
_d21
300 _aАвт. указаны на обороте тит. л.
313 _aАвтомобилей
320 _aБиблиогр.: с. 126 (9 назв.)
606 _aАвтомобилестроение
_jУчебные издания для высших учебных заведений
_9887705
_3RU\NLR\AUTH\66208
606 _aАвтомобили
_xРемонт
_jУчебные издания для высших учебных заведений
_3RU\NLR\AUTH\66692
_9888636
686 1 _aО33я73-2
701 1 _aГорностаев
_bА. И.
_gАлександр Иванович
701 1 _aУхалин
_bА. С.
_gАлександр Сергеевич
701 1 _aАвраменко
_bВ.И.
712 0 2 _4570
_aРязанское высшее воздушно-десантное командное училище им. В. Ф. Маргелова
_bКафедра "Автомобили и автомобильное хозяйство"
_9551263
_3RU\NLR\AUTH\880443639
942 _cBOOK
980 _aNBR